000 01872nam a2200265 i 4500
003 CSPC
005 20250217150835.0
008 250217s2022 sp a b 000 0 eng d
040 _cCSPC
_aCSPC
_beng
_erda
050 0 4 _aN7329.Z63
_bA4 2022
082 0 4 _a708
_bZ197
245 0 0 _aZóbel :
_bthe future of the past /
_cedited by Felipe Pereda and Manuel Fontán del Junco.
264 1 _aMadrid :
_bMuseo Nacional del Prado,
_c2022.
300 _a279 pages :
_billustrations ;
_c29 cm.
336 _2rdacontent
_atext
337 _2rdamedia
_aunmediated
338 _2rdacarrier
_avolume
505 0 _aIn order to know how to paint about this exhibition -- Fernando Zóbel: The eternal present -- "that Proustain thing in painting" -- Dialogue Soliloquy: Zóbel's Imagery as Commentary -- Zóbel and the Philippine Interlocution -- Zóbel's Jungle: unwritten histories of Philippine Architecture, Chinese Calligraphy, Moro Graves, and a Spanish Apocalypse -- Works on Display Zóbel: The future of the past (1946-1984) -- I. The discovery of the past: from cambridge to Manila -- II. Drawing by painting: Asian Calligraphy and Abstract Painting -- III. Conversations with masters -- IV. Dialectic Images -- V. Landscapes of the Past and of the Future -- Zóbel: the life of an Enchanted Monk -- "What really makes one look": the dialogue between image and text in Zóbel's sketchbooks -- The Traveler and His Sketchbooks -- Zóbel: Humor and Caricature -- Fernando Zóbel de Ayala: a brief chronology -- Engaging in conversation with painting some textx by Zóbel (1949-1984) -- Selected bibliography.
546 _aEnglish.
600 1 0 _aZóbel, Fernando
_xExhibitions.
700 1 _aPereda, Felipe
_eeditor.
700 1 _adel Junco, Manuel Fontán
_eeditor.
942 _2ddc
_n0
_cBK
_iZ197
_m2022
_h708
_k2022
999 _c28857
_d28857